000 00518 a2200169 4500
003 OSt
005 20250707134421.0
008 250704b |||||||| |||| 00| 0 eng d
020 _a9789388716536
040 _coclc
082 _a541.28
_bLAH/Q
100 _aLahiri, Jyotirmay
_910608
245 _aQuantum Chemistry /
_cJyotirmay Lahiri
260 _aNew Delhi:
_bMedTech (Scientific International Pvt. Ltd.),
_c2019.
300 _a234 pages
942 _2ddc
_cBK
_h541.28
_iLAH/Q
_k541.28
_mLAH/Q
999 _c44612
_d44612